000 01318nam a2200337Ia 4500
001 ebr10659065
003 CaPaEBR
006 m u
007 cr cn|||||||||
008 080717s2009 nyuab sb 001 0 eng d
010 _z 2008031095
020 _z1604569999 (hardcover)
020 _z9781604569995 (hardcover)
020 _z9781608767502
040 _aCaPaEBR
_cCaPaEBR
035 _a(OCoLC)830627945
050 1 4 _aQH541.5.M3
_bI585 2009eb
082 0 4 _a577.68
_222
245 0 0 _aInternational wetlands
_h[electronic resource] :
_becology, conservation, and restoration /
_cJose R. Herrera, editor.
260 _aNew York :
_bNova Science Publishers,
_cc2009.
300 _axii, 319 p. :
_bill. (some col.), maps (some col.)
504 _aIncludes bibliographical references and index.
533 _aElectronic reproduction.
_bPalo Alto, Calif. :
_cebrary,
_d2013.
_nAvailable via World Wide Web.
_nAccess may be limited to ebrary affiliated libraries.
650 0 _aWetland ecology.
650 0 _aWetland conservation.
650 0 _aWetland restoration.
655 7 _aElectronic books.
_2local
700 1 _aHerrera, Jose R.
710 2 _aebrary, Inc.
856 4 0 _uhttp://site.ebrary.com/lib/rucke/Doc?id=10659065
_zAn electronic book accessible through the World Wide Web; click to view
999 _c64468
_d64468